00711nam a2200241 a 4500001001300000003000900013005001700022008004100039020001000080082001700090100003300107245006300140260003000203300000900233500003500242505001500277650002000292650001200312902000800324942000700332952011700339999001300456nice12345678IN_TiNIC20260116011329.0050524s1937 leia grp 000 0 per  ac10000a297.822bJUW aJuwayni Alaud-Din, Ata Malik aTarikh-I-Jahan Gushab Composed in A.H.658-A.D.1260 Part 3 aLeidenbE. J. Brillc1937 a593p aincludes index and biblioraphy2 aIll, Index aIsmailis-Hitory aMongols bSRS cBK 001040708StackRoom-aHMIbHMId2007-06-29g100.00l0o297.822 JUWp00479r2007-06-29v100.00w2005-05-24yBK c571d571